TFT Set 10 - Mega Remix - Statistiques

Statistiques générales
  • Ce quiz a été pris 34 fois
  • Le résultat moyen est 52 sur 88
Statistiques - réponses
% Correct
K/DA
100%
Ahri
89%
Akali
84%
Miss Fortune
84%
Senna
84%
Bard
79%
Neeko
79%
Yone
79%
Ekko
74%
Emo
74%
Ezreal
74%
Jinx
74%
Kai'sa
74%
Lucian
74%
Samira
74%
Sett
74%
Tahm Kench
74%
True Damage
74%
Amumu
68%
Country
68%
Disco
68%
Gragas
68%
Heartsteel
68%
Jazz
68%
K'Sante
68%
Lillia
68%
Poppy
68%
Seraphine
68%
Vi
68%
Yasuo
68%
Annie
63%
Corki
63%
Evelynn
63%
Gardien
63%
Jhin
63%
Karthus
63%
Kayle
63%
Kennen
63%
Lux
63%
Pentakill
63%
Punk
63%
Sona
63%
Superfan
63%
Urgot
63%
Vex
63%
Ziggs
63%
Aphelios
58%
Blitzcrank
58%
Combattant
58%
Exécuteur
58%
Garen
58%
Gnar
58%
Katarina
58%
Mordekaiser
58%
Nami
58%
Olaf
58%
Pantheon
58%
Taric
58%
Twisted Fate
58%
Twitch
58%
Caitlyn
53%
Illaoi
53%
Kayn
53%
Lulu
53%
Pogo
53%
Qiyana
53%
Riven
53%
Sentinelle
53%
Viego
53%
Yorick
53%
Zed
53%
Big Shot
47%
Jax
47%
Thresh
47%
Zac
47%
Envoûteur
42%
Hyperpop
42%
Tisseur de Sorts
42%
Ultrarapide
42%
8 Bits
37%
Edgelord
37%
EDM
37%
Maestro
37%
Mixmaster
26%
Breakout
21%
Crowd Surfeur
21%
Illbeats
16%
Joker
16%
Aucun quiz correspondant
Distribution des résultats
% des personnes avec chaque résultat
Percentile par nombre de réponses
Votre historique - résultats
Vous n’avez pas pris ce quiz